000 00868nam a2200277Ia 4500
003 OSt
005 20221007122605.0
006 a|||||r|||| 00| 0
007 ta
008 221006b |||||||| |||| 00| 0 eng d
020 _a9789812834058 (hbd)
024 _a113763
037 _b3282, 18/10/2010, New India Book Agency
_cTextbook
040 _aPAPL
_cPAPL
_beng
041 _2eng
_aeng
082 _aC9B3, Q0 Carpa
100 _aBolozdynya Alexander
_9714623
245 0 _aEmission detectors
260 _aNew
_bJersey World Scientific
_c2010
300 _axiii, 209p.
_ccm.
500 _aBibliography 187-206p.; Index 207-209p.
650 _a Nuclear detectors
_9714624
650 _aPhysics
942 _hC9B3, Q0 Carpa
_cTB
_2CC
999 _c1210623
_d1210623